000
00286nam a22001097a 4500
082
_a
823/BAS
100
_a
Basu, Samaresh
_9
79655
245
_a
Twelve Great Short Stories From Bengal Rabindranath
260
_a
Kolkata
_b
Towards Freedom
_c
2018
650
_a
Stories
_9
79656
942
_c
BK
999
_c
63289
_d
63289